000 00671nam a2200241Ia 4500
003 OSt
005 20220916111038.0
006 a|||||r|||| 00| 0
007 ta
008 220915b |||||||| |||| 00| 0 eng d
024 _a157626
037 _cTextbook
040 _beng
_aARTS
_cARTS
041 _aeng
082 _aX.1.N, M0-;1(906)
100 _aDay Barbara Bruhl
245 0 _aThinking and doing : youth and a new international economic order
260 _aParis
_bUnesco
300 _a96p.
_ccm.
650 _aINTERNATIONAL ECONOMIC RELATIONS
942 _hX.1.N, M0-;1(906)
_cTB
_2CC
999 _c104453
_d104453